Monaco Franze - Statistiken

Allgemein
  • Dieses Quiz wurde 9 mal gespielt
  • Das Durchschnittsergebnis liegt bei 3 aus 15
Antwortstatistiken
Hint Antwort % Korrekt
Name des Schauspielers, Helmut Fischer
88%
Der ewige... Stenz
88%
Spitzname für seine Gattin Spatzl
75%
Name seines besten Freundes Manni
25%
Verfolständige: "Immer das Gschiss mit der.. Elli
13%
Bürgerlicher Nachname von Monaco Franze Münchinger
13%
Wohnadresse der beiden Agnesstraße 16
0%
Monacos Vater war..... von Beruf Änderungsschneider
0%
Wohin wird geplant, auszuwandern? Bermudas
0%
Name der bekanntesten Folge Die italienische Angelegenheit
0%
Kabarettist mit Cameo, verplomt Container Gerhard Polt
0%
Was "kocht" Franz für Manni als er bei Ihm wohnt Krautwickel neapolitanischer Art
0%
Monacos Beruf Kriminalkommissar
0%
Name des Boxers gegen den Franze Boxt, King Ludwig
0%
Name von Monacos Gattin, Anette von Soettingen
0%
Keine übereinstimmenden Quizze gefunden
Verteilung der Resultate
Anzahl Personen mit jedem Resultat
Perzentil nach korrekt beantworteten Fragen
Ihre Resultats-Entwicklung
Sie haben dieses Quiz noch nicht gespielt